A matter of protocol (Record no. 82739)

MARC details
000 -LEADER
fixed length control field 00774cab a22001935a 4500
001 - CONTROL NUMBER
control field L151242
008 - FIXED-LENGTH DATA ELEMENTS--GENERAL INFORMATION
fixed length control field 101011e20100924xxk 000 0 eng d
035 ## - SYSTEM CONTROL NUMBER
System control number (Sirsi) u151242
041 0# - LANGUAGE CODE
Language code of text/sound track or separate title eng
100 1# - MAIN ENTRY--PERSONAL NAME
Personal name Solon, Mark
245 02 - TITLE STATEMENT
Title A matter of protocol
260 ## - PUBLICATION, DISTRIBUTION, ETC.
Date of publication, distribution, etc. 2010
490 ## - SERIES STATEMENT
Series statement New Law Journal
Volume/sequential designation 160(7434) 24 September 2010, 1305-1306(2)
520 ## - SUMMARY, ETC.
Summary, etc. Discussion between experts vary from face-to-face meetings, telephone conversations and video-conferencing. Highliths the pros and cons of each method. Civil Procedure Rules (CPR) provions relating to experts' discussions .
590 ## - LOCAL NOTE (RLIN)
Local note KA
651 #4 - SUBJECT ADDED ENTRY--GEOGRAPHIC NAME
Geographic name United Kingdom
Chronological subdivision
690 ## - LOCAL SUBJECT ADDED ENTRY--TOPICAL TERM (OCLC, RLIN)
Topical term or geographic name as entry element MANAGEMENT-DISPUTE AVOIDANCE, MANAGEMENT AND RESOLUTION-DISPUTE MANAGEMENT AND RESOLUTION-EXPERT WITNESSES
942 ## - ADDED ENTRY ELEMENTS (KOHA)
Suppress in OPAC 0
Holdings
Withdrawn status Lost status Source of classification or shelving scheme Damaged status Not for loan Home library Current library Shelving location Date acquired Total Checkouts Full call number Barcode Date last seen Copy number Price effective from Koha item type
    Dewey Decimal Classification     London London Journal article 11/10/2010   L151242 151242-1001 06/08/2019 1 06/08/2019 Journal article